| 000 | 00616nam a22001577a 4500 | ||
|---|---|---|---|
| 008 | 160427b xxu||||| |||| 00| 0 eng d | ||
| 082 |
_22011 _aUT 0290 _bAg12 |
||
| 100 |
_96645 _aAgabelin, Cherry Anne P. |
||
| 245 |
_aAttitude to prenatal care and birthing condition of mothers in Digos City maternity and lying-in clinic/ _cCherry Anne P. Agabelin, Hannyche D. Gelaga and Keity L. Gallofin. |
||
| 260 |
_aDigos City: _bUMDC _cMay 2011 |
||
| 300 |
_a49 pages; _c28 cm. |
||
| 650 | 0 |
_96643 _aNursing _xUndergraduate thesis. |
|
| 700 |
_96640 _aGelaga, Hannyche D. |
||
| 700 |
_96641 _aGallofin, Kiety L. |
||
| 942 |
_2ddc _cUT |
||
| 999 |
_c2062 _d2062 |
||